000 00445nam a22001577a 4500
005 20210427062707.0
008 210312s1966 ||||| |||| 00| 0 eng d
040 _aeng
_cDLC
041 _aeng
082 _a821.111
_bS-16
245 _aThe Saint Mystery Magazine / April 1966 / Vol. 23, No. 4
300 _a100 p.
650 0 _9254
_aEnglish literature
653 _aინგლისური ლიტერატურა
942 _2udc
_cMP
999 _c2229
_d2229